000 00554nmm a2200169Ia 4500
008 251105s9999||||xx |||||||||||||||||und||
020 _a9788499800448
041 _aspa
100 _aGoñi, Jesús María (coord.)
245 0 _aDidáctica de las matemáticas
264 _a[Madrid, España] :
_bMinisterio de Educación, Cultura y Deporte de España,
_c2011
300 _a201 páginas
490 _aFormación del profesorado. Educación secundaria
650 _aEducation
856 _uhttps://public.digitaliapublishing.com/a/30209
942 _cCF
999 _c93231
_d93231